000 00975nam a22002535i 4500
001 168182
003 ES-MaACL
005 20250717013104.0
008 051005s1878 fr | |||||||| ||fre d
040 _aCAM
_bspa
_cCAM
100 1 _aZola, Émile,
_d1840-1902
_9118331
245 1 3 _aLa conquête de Plassans /
_cpar Émile Zola.
250 _a8e éd.
260 _aParis :
_bG. Charpentier,
_c1878 (
_eCorbeil :
_fTyp. et stér. Crété)
300 _a402 p. ;
_c19 cm.
490 1 _aLes Rougon-Macquart. Histoire naturelle et sociale d'une famille sous le Second Empire
490 1 _aBibliothèque Charpentier
752 _aFrancia -
_dParís
752 _aFrancia -
_dCorbeil
830 0 0 _aLes Rougon-Macquart: histoire naturelle et sociale d'une famille sous le Second Empire
_9188784
830 0 0 _aBibliothèque Charpentier
_9182245
852 _aES-MaACL
_jD-1433
_z-- Rúst., deteriorada
_z-- Legado de M. de la Fuente
999 _c168182
_d168182